000 00734nam a2200289Ia 4500
005 20260324140048.0
008 008 260324s9999 xx 000 0 eng d
020 _a9781003448174
037 _aEBOOK
040 _aCRL
040 _beng
040 _cCRL
041 _2eng
041 _aeng
084 _qCRL
100 _aRobert Leamnson
_91202989
245 0 _aThinking About Teaching and Learning
245 0 _bDeveloping Habits of Learning with First Year College and University Students
260 _bTaylor and Francis
260 _c1999
365 _a
365 _b110
856 _uhttp://www.taylorfrancis.com/books/9781003448174
942 _cEBOOK
999 _c1804646
_d1804646